Star Wars The Clone Wars Characters (Hard) - Statistics

General Stats
  • This quiz has been taken 694 times
  • The average score is 10 of 15
Answer Stats
Hint Answer % Correct
Clone Captain with blue Armor Rex
99%
Master of Anakin Obi-Wan Kenobi
98%
Clone Commander in orange Armor Cody
97%
Bald Jedi Master with purple Lightsaber Mace Windu
96%
Old, tiny, green Jedi Master Yoda
96%
Anakin's Padawan Ahsoka Tano
93%
General of the 501st Battalion Anakin Skywalker
85%
Admiral who worked with Anakin Yularen
62%
Clone that killed Jedi Tiplar Tup
61%
Clone with a Twi'Lek "sticker" on his helmet Waxer
57%
Clone that had ADHD and died while destroying a ship near Umbara Hardcase
54%
Clone who died from an explosion on Rishi Moon Hevy
53%
Commander of the 91st Mobile Reconnaissance Corps Neyo
26%
Clone Commander that fought alongside Yoda in the first episode Ponds
14%
Clone Captain that terminated the killings of the Twi'Leks Howzer
12%
No matching quizzes found
Score Distribution
Percent of People with Each Score
Percentile by Number Answered
Your Score History
You have not taken this quiz